Word Ladder: Healthy Bread Quiz Stats

 Plays Quiz Updated Jul 16, 2012

Support Sporcle.
Go Orange.
Score 0/11 Timer 01:00
0 Plays Today
Clue Word % Correct
The hardest part of a turtleSHELL
96.3%
Use your noseSMELL
95.9%
TinySMALL
95.1%
Large marine mammalWHALE
93.4%
No longer freshSTALE
91.6%
Total, completeWHOLE
87.4%
To delay or put offSTALL
87.1%
Sedimentary rockSHALE
86.5%
Grain of a cereal plantWHEAT
54.3%
Swelling or welt on the skinWHEAL
19.2%
To put under a shelterSHEAL
18.6%

Today's Daily Dose

Missing Word
'80s Musicals

Word Ladder
Hereditary

Get the Picture
Food Names

From the Vault

Flag Match: Single Border Countries

by pecheneg

Nobody talk about the double or triple borders. Quadruple borders on the other hand? Still nah, singles only.
Remove Ads.
Support Sporcle.
Get the best of Sporcle when you Go Orange. This ad-free experience offers more features, more stats, and more fun while also helping to support Sporcle. Thank you for becoming a member.

Show Comments

Extras

Top Quizzes Today


Score Distribution

Your Account Isn't Verified!

In order to create a playlist on Sporcle, you need to verify the email address you used during registration. Go to your Sporcle Settings to finish the process.

Report this User

Report this user for behavior that violates our Community Guidelines.

Details: